000 00641nam a2200217 a 4500
005 20241120063721.0
008 991125n 000 0 spa u
035 _aUPN01000064036
100 1 _aMarcelo García, Carlos
_932073
222 _aREVISTA ESPAÑOLA DE PEDAGOGIA
245 _aAnálisis de los procesos de pensamietno y toma de decisiones interactivas de profesores de E.G.B.
300 _a415-431
362 _a1986 Año 44, no. 173, jul.
653 0 _aCOMPORTAMIENTO
653 0 _aCONDUCTA
653 0 _aMAESTROS
653 0 _aPENSAMIENTO
653 0 _aTOMA DE DECISIONES
904 _aAC
_b001847
905 _aArticulo
999 _c62391
_d62391